Achieving Peace in Northern Mali (Record no. 351674)
[ view plain ]
| 000 -LEADER | |
|---|---|
| fixed length control field | 00620nam a2200133Ia 4500 |
| 008 - FIXED-LENGTH DATA ELEMENTS--GENERAL INFORMATION | |
| fixed length control field | 171212s9999 xx 000 0 und d |
| 020 ## - INTERNATIONAL STANDARD BOOK NUMBER | |
| International Standard Book Number | 9780833088239 |
| 100 ## - MAIN ENTRY--PERSONAL NAME | |
| Personal name | Pezard, Stephanie;Shurkin, Michael |
| 245 ## - TITLE STATEMENT | |
| Statement of responsibility, etc | Pezard, Stephanie;Shurkin, Michael |
| Title | Achieving Peace in Northern Mali |
| Remainder of title | Past Agreements, Local Conflicts, and the Prospects for a Durable Settlement |
| 260 ## - PUBLICATION, DISTRIBUTION, ETC. (IMPRINT) | |
| Name of publisher, distributor, etc | RAND Corporation |
| Date of publication, distribution, etc | 2015 |
| 650 ## - SUBJECT ADDED ENTRY--TOPICAL TERM | |
| Topical term or geographic name as entry element | History |
| 650 ## - SUBJECT ADDED ENTRY--TOPICAL TERM | |
| Topical term or geographic name as entry element | Mali -- History -- Tuareg Rebellion, 2012-; Mal -- History -- Coup d'etat, 2012; Mali -- Politics and government -- 1991- |
| 856 ## - ELECTRONIC LOCATION AND ACCESS | |
| Uniform Resource Identifier | <a href="http://www.jstor.org/stable/10.7249/j.ctt15zc57q">http://www.jstor.org/stable/10.7249/j.ctt15zc57q</a> |
| Withdrawn status | Lost status | Damaged status | Home library | Current library | Date acquired | Total Checkouts | Full call number | Date last seen | Price effective from | Koha item type |
|---|---|---|---|---|---|---|---|---|---|---|
| College Library | College Library | 12/12/2017 | DT551.84 | 12/12/2017 | 12/12/2017 | Curriculum - Based eBooks |